[Event "EYCC Open-U14 2019"]
[Site "Bratislava"]
[Date "2019.08.09"]
[Round "8.7"]
[White "Biletskiy, Danylo"]
[Black "Morgunov, Marc"]
[Result "1-0"]
[WhiteElo "2105"]
[BlackElo "2314"]
[Annotator "NA"]
[PlyCount "147"]
[EventDate "2019.08.02"]
[EventType "swiss"]
[EventCountry "SVK"]
[SourceTitle "playchess.com"]
[Source "ChessBase"]
[SourceQuality "1"]
[TimeControl "40/5400+30:1800+30"]

1. e4 {[%emt 0:00:00]} e5 {[%emt 0:00:07]} 2. Nf3 {[%emt 0:00:00]} Nc6 {[%emt 0:00:27]} 3. Nc3 {[%emt 0:00:00]} Nf6 {[%emt 0:00:16]} 4. d4 {[%emt 0:00:03]} exd4 {[%emt 0:00:04]} 5. Nxd4 {[%emt 0:00:02]} Bb4 {[%emt 0:00:13]} 6. Nxc6 {[%emt 0:00:07]} bxc6 {[%emt 0:00:04]} 7. Bd3 {[%emt 0:00:04]} d5 {[%emt 0:00:17]} 8. exd5 {[%emt 0:00:10]} cxd5 {[%emt 0:00:04]} 9. O-O {[%emt 0:00:04]} O-O {[%emt 0:00:05]} 10. h3 {[%emt 0:00:17]} c6 {[%emt 0:01:43]} 11. Qf3 {[%emt 0:00:23]} Bd6 {[%emt 0:04:30]} 12. Bf4 {[%emt 0:05:20]} Rb8 {[%emt 0:02:09]} 13. b3 {[%emt 0:03:53]} Qc7 {[%emt 0:06:48]} 14. Bxd6 {[%emt 0:03:08]} Qxd6 {[%emt 0:00:05]} 15. Rfe1 {[%emt 0:07:38]} Bd7 {[%emt 0:08:35]} 16. Qg3 {[%emt 0:07:34]} Qxg3 {[%emt 0:06:25]} 17. fxg3 {[%emt 0:00:02]} c5 {[%emt 0:00:42]} 18. Re7 {[%emt 0:00:27]} Rfd8 {[%emt 0:07:38]} 19. g4 {[%emt 0:03:39]} h6 {[%emt 0:07:42]} 20. Bf5 {[%emt 0:03:52]} Kf8 {[%emt 0:01:03]} 21. Rae1 {[%emt 0:00:45]} Bxf5 {[%emt 0:02:19]} 22. gxf5 {[%emt 0:00:02]} d4 {[%emt 0:17:18]} 23. Na4 {[%emt 0:00:11]} Nd7 {[%emt 0:00:13]} 24. Kf2 {[%emt 0:09:43]} c4 {[%emt 0:05:13]} 25. Nb2 {[%emt 0:21:23]} d3 {[%emt 0:01:07]} 26. Nxc4 {[%emt 0:00:27]} Nc5 {[%emt 0:00:20]} 27. Rc7 {[%emt 0:00:19]} Rd5 {[%emt 0:13:19]} 28. Kg1 {[%emt 0:07:17]} Rxf5 {[%emt 0:05:58]} 29. cxd3 {[%emt 0:00:07]} Nxd3 {[%emt 0:00:07]} 30. Re3 {[%emt 0:00:48]} Nf4 {[%emt 0:05:56]} 31. Rf3 {[%emt 0:05:52]} a6 {[%emt 0:01:33]} 32. Nd6 {[%emt 0:00:45]} Rf6 {[%emt 0:01:06]} 33. Rxf7+ {[%emt 0:00:30]} Rxf7 {[%emt 0:00:05]} 34. Nxf7 {[%emt 0:00:04]} Kxf7 {[%emt 0:02:28]} 35. Rxf4+ {[%emt 0:00:02]} Ke6 {[%emt 0:00:13]} 36. Ra4 {[%emt 0:00:08]} Rb6 {[%emt 0:00:07]} 37. Ra5 {[%emt 0:00:09]} Kd7 {[%emt 0:00:21]} 38. Kf2 {[%emt 0:00:33]} Re6 {[%emt 0:00:17]} 39. Kf3 {[%emt 0:00:44]} Kc7 {[%emt 0:00:12]} 40. b4 {[%emt 0:00:00]} Kb6 {[%emt 0:00:00]} 41. a4 {[%emt 0:05:08]} Rf6+ {[%emt 0:04:01]} 42. Kg3 {[%emt 0:04:35]} Rg6+ {[%emt 0:00:32]} 43. Kh2 {[%emt 0:00:24]} Rf6 {[%emt 0:06:46]} 44. Re5 {[%emt 0:00:14]} Kc6 {[%emt 0:00:47]} 45. Kg3 {[%emt 0:00:39]} Kd6 {[%emt 0:01:25]} 46. Ra5 {[%emt 0:01:06]} Ke7 {[%emt 0:00:41]} 47. Kg4 {[%emt 0:00:20]} Rd6 {[%emt 0:01:07]} 48. Kf5 {[%emt 0:01:12]} g6+ {[%emt 0:01:35]} 49. Ke5 {[%emt 0:01:06]} Rb6 {[%emt 0:00:06]} 50. b5 {[%emt 0:02:07]} axb5 {[%emt 0:00:12]} 51. axb5 {[%emt 0:01:15]} Re6+ {[%emt 0:00:18]} 52. Kd5 {[%emt 0:00:55]} Re2 {[%emt 0:00:05]} 53. b6 {[%emt 0:00:15]} Kd7 {[%emt 0:00:57]} 54. Ra7+ {[%emt 0:01:00]} Kc8 {[%emt 0:00:12]} 55. g4 {[%emt 0:02:02]} Re3 {[%emt 0:02:17]} 56. h4 {[%emt 0:00:05]} Rg3 {[%emt 0:00:27]} 57. g5 {[%emt 0:00:35]} hxg5 {[%emt 0:01:09]} 58. hxg5 {[%emt 0:00:01]} Rb3 {[%emt 0:00:26]} 59. Kc6 {[%emt 0:05:11]} Rc3+ {[%emt 0:00:35]} 60. Kd6 {[%emt 0:00:46]} Rb3 {[%emt 0:03:20]} 61. Rc7+ {[%emt 0:02:34]} Kb8 {[%emt 0:00:33]} 62. Rc5 {[%emt 0:00:11]} Kb7 {[%emt 0:00:48]} 63. Ke7 {[%emt 0:00:15]} Kxb6 {[%emt 0:02:22]} 64. Rc8 {[%emt 0:00:15]} Kb7 {[%emt 0:01:29]} 65. Rg8 {[%emt 0:00:52]} Kc7 {[%emt 0:00:05]} 66. Rxg6 {[%emt 0:00:07]} Rg3 {[%emt 0:00:16]} 67. Rg8 {[%emt 0:00:24]} Re3+ {[%emt 0:00:11]} 68. Kf7 {[%emt 0:00:10]} Kd7 {[%emt 0:00:06]} 69. Ra8 {[%emt 0:00:16]} Rf3+ {[%emt 0:02:42]} 70. Kg7 {[%emt 0:00:08]} Ke7 {[%emt 0:00:05]} 71. g6 {[%emt 0:00:04]} Rg3 {[%emt 0:00:14]} 72. Ra2 {[%emt 0:00:10]} Ke6 {[%emt 0:00:19]} 73. Re2+ {[%emt 0:00:07]} Kf5 {[%emt 0:00:05]} 74. Kf7 {[%emt 0:00:09]} 1-0

[Event "EYCC Open-U14 2019"]
[Site "Bratislava"]
[Date "2019.08.09"]
[Round "8.8"]
[White "Stukan, Martin"]
[Black "Pasztor, Balazs"]
[Result "0-1"]
[WhiteElo "2303"]
[BlackElo "2140"]
[Annotator "NA"]
[PlyCount "106"]
[EventDate "2019.08.02"]
[EventType "swiss"]
[EventCountry "SVK"]
[SourceTitle "playchess.com"]
[Source "ChessBase"]
[SourceQuality "1"]
[TimeControl "40/5400+30:1800+30"]

1. e4 {[%emt 0:00:00]} e5 {[%emt 0:00:00]} 2. Nf3 {[%emt 0:00:00]} Nc6 {[%emt 0:00:00]} 3. Bb5 {[%emt 0:00:00]} a6 {[%emt 0:00:13]} 4. Ba4 {[%emt 0:00:00]} Nf6 {[%emt 0:00:18]} 5. O-O {[%emt 0:00:00]} Be7 {[%emt 0:00:29]} 6. Re1 {[%emt 0:00:00]} b5 {[%emt 0:00:12]} 7. Bb3 {[%emt 0:00:00]} d6 {[%emt 0:00:18]} 8. c3 {[%emt 0:00:00]} O-O {[%emt 0:00:19]} 9. h3 {[%emt 0:00:00]} Na5 {[%emt 0:01:11]} 10. Bc2 {[%emt 0:00:00]} c5 {[%emt 0:00:09]} 11. d4 {[%emt 0:00:00]} Nd7 {[%emt 0:00:28]} 12. Nbd2 {[%emt 0:00:39]} exd4 {[%emt 0:00:28]} 13. cxd4 {[%emt 0:00:13]} Re8 {[%emt 0:00:37]} 14. Nf1 {[%emt 0:05:18]} Nc6 {[%emt 0:00:40]} 15. d5 {[%emt 0:03:30]} Nce5 {[%emt 0:00:57]} 16. N3h2 {[%emt 0:04:20]} Bh4 {[%emt 0:03:11]} 17. a4 {[%emt 0:03:37]} b4 {[%emt 0:10:30]} 18. Ne3 {[%emt 0:06:51]} c4 {[%emt 0:08:08]} 19. Nf5 {[%emt 0:16:30]} Nc5 {[%emt 0:06:56]} 20. Nxh4 {[%emt 0:00:52]} Qxh4 {[%emt 0:00:55]} 21. Nf3 {[%emt 0:00:23]} Nxf3+ {[%emt 0:12:22]} 22. Qxf3 {[%emt 0:00:19]} Bd7 {[%emt 0:13:57]} 23. Bf4 {[%emt 0:06:29]} Qf6 {[%emt 0:07:10]} 24. Qg3 {[%emt 0:03:14]} b3 {[%emt 0:07:45]} 25. Bxd6 {[%emt 0:02:17]} Qxb2 {[%emt 0:03:57]} 26. Bxc5 {[%emt 0:01:30]} bxc2 {[%emt 0:00:25]} 27. Qe3 {[%emt 0:15:33]} Qb3 {[%emt 0:03:27]} 28. a5 {[%emt 0:10:23]} Rab8 {[%emt 0:03:15]} 29. Bb6 {[%emt 0:01:51]} Rb7 {[%emt 0:02:57]} 30. Ra3 {[%emt 0:03:11]} Qxe3 {[%emt 0:01:54]} 31. Raxe3 {[%emt 0:00:06]} Ba4 {[%emt 0:01:33]} 32. g4 {[%emt 0:02:51]} f6 {[%emt 0:04:33]} 33. f3 {[%emt 0:01:30]} Kf7 {[%emt 0:01:32]} 34. Kf2 {[%emt 0:00:47]} h5 {[%emt 0:02:21]} 35. f4 {[%emt 0:08:11]} Rbe7 {[%emt 0:02:04]} 36. Kf3 {[%emt 0:01:27]} hxg4+ {[%emt 0:00:23]} 37. hxg4 {[%emt 0:00:06]} Rh8 {[%emt 0:01:00]} 38. Kg3 {[%emt 0:01:25]} Rhe8 {[%emt 0:00:25]} 39. Kf3 {[%emt 0:01:06]} Rh8 {[%emt 0:00:20]} 40. e5 {[%emt 0:00:00]} Rh3+ {[%emt 0:00:00]} 41. Ke4 {[%emt 0:02:16]} Rh2 {[%emt 0:15:36]} 42. e6+ {[%emt 0:00:10]} Kg8 {[%emt 0:02:24]} 43. Ra3 {[%emt 0:02:26]} Re2+ {[%emt 0:03:46]} 44. Re3 {[%emt 0:02:23]} Rd2 {[%emt 0:00:42]} 45. Rc3 {[%emt 0:14:54]} Bc6 {[%emt 0:04:34]} 46. Ke3 {[%emt 0:00:26]} Rh2 {[%emt 0:04:50]} 47. Rc1 {[%emt 0:06:32]} Bxd5 {[%emt 0:01:18]} 48. f5 {[%emt 0:00:06]} Rg2 {[%emt 0:01:52]} 49. Kd4 {[%emt 0:04:14]} Bc6 {[%emt 0:00:29]} 50. Kc5 {[%emt 0:00:21]} Bb5 {[%emt 0:00:05]} 51. R1xc2 {[%emt 0:01:28]} Rxg4 {[%emt 0:00:25]} 52. Rh2 {[%emt 0:01:10]} Rg5 {[%emt 0:00:54]} 53. Rch3 {[%emt 0:00:17]} Rxe6 {[%emt 0:00:17]} 0-1

[Event "EYCC Open-U14 2019"]
[Site "Bratislava"]
[Date "2019.08.09"]
[Round "8.9"]
[White "Trofimov, Pavel"]
[Black "Tsaruk, Maksim"]
[Result "1/2-1/2"]
[WhiteElo "2151"]
[BlackElo "2230"]
[Annotator "NA"]
[PlyCount "74"]
[EventDate "2019.08.02"]
[EventType "swiss"]
[EventCountry "SVK"]
[SourceTitle "playchess.com"]
[Source "ChessBase"]
[SourceQuality "1"]
[TimeControl "40/5400+30:1800+30"]

1. d4 {[%emt 0:00:00]} Nf6 {[%emt 0:00:00]} 2. c4 {[%emt 0:00:06]} e6 {[%emt 0:00:00]} 3. Nc3 {[%emt 0:00:56]} Bb4 {[%emt 0:00:00]} 4. e3 {[%emt 0:00:29]} O-O {[%emt 0:01:36]} 5. Nf3 {[%emt 0:00:08]} b6 {[%emt 0:18:11]} 6. Bd2 {[%emt 0:00:12]} Bb7 {[%emt 0:00:47]} 7. Bd3 {[%emt 0:00:12]} c5 {[%emt 0:24:22]} 8. a3 {[%emt 0:07:57]} Bxc3 {[%emt 0:00:06]} 9. Bxc3 {[%emt 0:00:36]} cxd4 {[%emt 0:07:01]} 10. Nxd4 {[%emt 0:07:08]} a6 {[%emt 0:07:48]} 11. O-O {[%emt 0:13:41]} d6 {[%emt 0:02:55]} 12. Re1 {[%emt 0:04:06]} Nbd7 {[%emt 0:00:05]} 13. Bf1 {[%emt 0:00:13]} Ne4 {[%emt 0:06:30]} 14. Rc1 {[%emt 0:02:46]} Qh4 {[%emt 0:03:12]} 15. Qc2 {[%emt 0:04:15]} Nxc3 {[%emt 0:00:23]} 16. Qxc3 {[%emt 0:00:07]} Rac8 {[%emt 0:02:18]} 17. Nb3 {[%emt 0:04:44]} Ne5 {[%emt 0:03:56]} 18. Qd4 {[%emt 0:03:49]} Ng4 {[%emt 0:03:28]} 19. Qf4 {[%emt 0:01:43]} e5 {[%emt 0:00:01]} 20. Qg3 {[%emt 0:00:13]} Qxg3 {[%emt 0:00:03]} 21. hxg3 {[%emt 0:00:11]} Nf6 {[%emt 0:00:04]} 22. Red1 {[%emt 0:02:04]} Rfd8 {[%emt 0:00:04]} 23. Be2 {[%emt 0:00:16]} Bc6 {[%emt 0:07:16]} 24. Nd2 {[%emt 0:02:49]} a5 {[%emt 0:07:21]} 25. Bf3 {[%emt 0:02:53]} Kf8 {[%emt 0:00:12]} 26. Kf1 {[%emt 0:01:49]} Ke7 {[%emt 0:00:21]} 27. Ke1 {[%emt 0:02:32]} Bd7 {[%emt 0:00:52]} 28. Ne4 {[%emt 0:02:51]} Nxe4 {[%emt 0:00:45]} 29. Bxe4 {[%emt 0:00:01]} Be6 {[%emt 0:01:47]} 30. Bd5 {[%emt 0:00:44]} f5 {[%emt 0:02:30]} 31. Bxe6 {[%emt 0:02:05]} Kxe6 {[%emt 0:00:01]} 32. Rd5 {[%emt 0:01:48]} Rc5 {[%emt 0:00:13]} 33. Rxc5 {[%emt 0:00:33]} bxc5 {[%emt 0:01:22]} 34. Kd2 {[%emt 0:00:36]} Rb8 {[%emt 0:00:52]} 35. Kc2 {[%emt 0:00:15]} h5 {[%emt 0:00:30]} 36. Rh1 {[%emt 0:00:51]} g6 {[%emt 0:00:04]} 37. Rd1 {[%emt 0:00:09]} e4 {[%emt 0:00:58]} 1/2-1/2

[Event "EYCC Open-U14 2019"]
[Site "Bratislava"]
[Date "2019.08.09"]
[Round "8.10"]
[White "Yaniv, Yuval"]
[Black "Grigoryan, Aram"]
[Result "1/2-1/2"]
[WhiteElo "2135"]
[BlackElo "1947"]
[Annotator "NA"]
[PlyCount "193"]
[EventDate "2019.08.02"]
[EventType "swiss"]
[EventCountry "SVK"]
[SourceTitle "playchess.com"]
[Source "ChessBase"]
[SourceQuality "1"]
[TimeControl "40/5400+30:1800+30"]

1. d4 {[%emt 0:00:00]} Nf6 {[%emt 0:00:00]} 2. Bg5 {[%emt 0:00:54]} Ne4 {[%emt 0:01:23]} 3. Bf4 {[%emt 0:01:01]} d5 {[%emt 0:00:46]} 4. e3 {[%emt 0:01:42]} c5 {[%emt 0:03:43]} 5. Bd3 {[%emt 0:02:21]} Nc6 {[%emt 0:06:25]} 6. Bxe4 {[%emt 0:07:18]} dxe4 {[%emt 0:00:06]} 7. d5 {[%emt 0:00:30]} Nb4 {[%emt 0:01:00]} 8. Nc3 {[%emt 0:00:25]} e6 {[%emt 0:02:34]} 9. d6 {[%emt 0:18:48]} Qa5 {[%emt 0:02:48]} 10. Qd2 {[%emt 0:00:45]} Nd5 {[%emt 0:01:14]} 11. O-O-O {[%emt 0:02:36]} b6 {[%emt 0:12:17]} 12. Nxd5 {[%emt 0:09:54]} Qxd2+ {[%emt 0:04:58]} 13. Rxd2 {[%emt 0:00:02]} exd5 {[%emt 0:00:06]} 14. Rxd5 {[%emt 0:00:26]} Be6 {[%emt 0:03:22]} 15. Rd2 {[%emt 0:01:05]} Kd7 {[%emt 0:08:17]} 16. Ne2 {[%emt 0:02:40]} Kc6 {[%emt 0:00:42]} 17. h3 {[%emt 0:03:56]} Rd8 {[%emt 0:03:06]} 18. Rhd1 {[%emt 0:00:14]} h6 {[%emt 0:03:36]} 19. Nc3 {[%emt 0:03:09]} f5 {[%emt 0:01:25]} 20. a4 {[%emt 0:08:06]} Rh7 {[%emt 0:04:00]} 21. Nd5 {[%emt 0:06:42]} Bxd5 {[%emt 0:02:02]} 22. Rxd5 {[%emt 0:00:10]} g5 {[%emt 0:03:21]} 23. Be5 {[%emt 0:10:11]} Rhd7 {[%emt 0:04:18]} 24. R1d2 {[%emt 0:01:53]} Bxd6 {[%emt 0:02:15]} 25. Bf6 {[%emt 0:00:23]} Bf8 {[%emt 0:03:32]} 26. Rxd7 {[%emt 0:05:22]} Rxd7 {[%emt 0:00:01]} 27. Rxd7 {[%emt 0:00:01]} Kxd7 {[%emt 0:00:01]} 28. g4 {[%emt 0:01:23]} Ke6 {[%emt 0:03:09]} 29. Bc3 {[%emt 0:00:29]} Bd6 {[%emt 0:00:06]} 30. Kd2 {[%emt 0:03:31]} fxg4 {[%emt 0:09:26]} 31. hxg4 {[%emt 0:00:01]} Kf7 {[%emt 0:00:05]} 32. Ke2 {[%emt 0:00:45]} Kg6 {[%emt 0:00:04]} 33. b3 {[%emt 0:00:58]} h5 {[%emt 0:00:56]} 34. gxh5+ {[%emt 0:00:04]} Kxh5 {[%emt 0:00:02]} 35. Bf6 {[%emt 0:00:34]} Kg6 {[%emt 0:01:01]} 36. Bd8 {[%emt 0:00:10]} Kf5 {[%emt 0:01:29]} 37. a5 {[%emt 0:00:57]} bxa5 {[%emt 0:00:09]} 38. Bxa5 {[%emt 0:00:09]} g4 {[%emt 0:00:03]} 39. Bd8 {[%emt 0:00:15]} Ke5 {[%emt 0:00:56]} 40. Kf1 {[%emt 0:00:00]} Kd5 {[%emt 0:00:00]} 41. c4+ {[%emt 0:01:15]} Ke6 {[%emt 0:00:57]} 42. Kg2 {[%emt 0:00:14]} Kf5 {[%emt 0:00:04]} 43. Bh4 {[%emt 0:00:09]} a6 {[%emt 0:01:10]} 44. Kf1 {[%emt 0:01:12]} Ke6 {[%emt 0:00:51]} 45. Ke2 {[%emt 0:01:14]} Bc7 {[%emt 0:00:18]} 46. Kd2 {[%emt 0:01:37]} Ba5+ {[%emt 0:00:04]} 47. Kc2 {[%emt 0:00:22]} Bb4 {[%emt 0:00:11]} 48. Kd1 {[%emt 0:00:15]} Ba5 {[%emt 0:00:05]} 49. Bg3 {[%emt 0:00:06]} Bc3 {[%emt 0:01:04]} 50. Ke2 {[%emt 0:02:35]} Be5 {[%emt 0:00:30]} 51. Bh4 {[%emt 0:00:36]} Bf6 {[%emt 0:00:06]} 52. Bg3 {[%emt 0:00:52]} Be5 {[%emt 0:00:05]} 53. Bxe5 {[%emt 0:03:26]} Kxe5 {[%emt 0:00:04]} 54. Kf1 {[%emt 0:00:06]} Kf5 {[%emt 0:00:03]} 55. Kg2 {[%emt 0:00:05]} Kg6 {[%emt 0:00:18]} 56. Kg3 {[%emt 0:00:21]} Kg5 {[%emt 0:00:04]} 57. Kg2 {[%emt 0:00:22]} Kh4 {[%emt 0:00:12]} 58. b4 {[%emt 0:05:31]} cxb4 {[%emt 0:00:04]} 59. c5 {[%emt 0:00:03]} b3 {[%emt 0:00:08]} 60. c6 {[%emt 0:00:03]} b2 {[%emt 0:00:03]} 61. c7 {[%emt 0:00:03]} b1=Q {[%emt 0:00:39]} 62. c8=Q {[%emt 0:00:05]} Qb5 {[%emt 0:03:11]} 63. Qd8+ {[%emt 0:00:50]} Kh5 {[%emt 0:00:10]} 64. Qh8+ {[%emt 0:00:10]} Kg5 {[%emt 0:00:08]} 65. Qg7+ {[%emt 0:00:23]} Kf5 {[%emt 0:00:06]} 66. Qf7+ {[%emt 0:00:06]} Kg5 {[%emt 0:00:12]} 67. Qf4+ {[%emt 0:00:19]} Kh5 {[%emt 0:00:15]} 68. Kg3 {[%emt 0:03:10]} Qg5 {[%emt 0:00:31]} 69. Qxe4 {[%emt 0:00:22]} Qh4+ {[%emt 0:00:16]} 70. Kg2 {[%emt 0:00:09]} Qh3+ {[%emt 0:00:06]} 71. Kg1 {[%emt 0:00:07]} Qf3 {[%emt 0:01:20]} 72. Qe8+ {[%emt 0:01:11]} Kg5 {[%emt 0:00:22]} 73. Qg8+ {[%emt 0:00:38]} Kh5 {[%emt 0:00:10]} 74. Qh7+ {[%emt 0:00:46]} Kg5 {[%emt 0:00:05]} 75. Qg7+ {[%emt 0:00:09]} Kh5 {[%emt 0:00:05]} 76. Qe5+ {[%emt 0:00:05]} Kh4 {[%emt 0:00:14]} 77. Qe7+ {[%emt 0:01:27]} Kh5 {[%emt 0:00:05]} 78. Qe8+ {[%emt 0:06:33]} Kg5 {[%emt 0:00:08]} 79. Qd8+ {[%emt 0:00:29]} Kh5 {[%emt 0:00:08]} 80. Qa5+ {[%emt 0:00:10]} Kh4 {[%emt 0:00:45]} 81. Qd8+ {[%emt 0:01:57]} Kh5 {[%emt 0:00:09]} 82. Qa5+ {[%emt 0:00:02]} Kh4 {[%emt 0:00:04]} 83. Qxa6 {[%emt 0:00:26]} g3 {[%emt 0:00:07]} 84. Qh6+ {[%emt 0:00:49]} Kg4 {[%emt 0:00:07]} 85. Qg7+ {[%emt 0:02:06]} Kh4 {[%emt 0:00:44]} 86. Qd4+ {[%emt 0:00:19]} Kh3 {[%emt 0:00:20]} 87. Qd7+ {[%emt 0:00:29]} Kh4 {[%emt 0:00:04]} 88. Qe7+ {[%emt 0:02:28]} Kh3 {[%emt 0:00:06]} 89. Qe6+ {[%emt 0:00:17]} Kh4 {[%emt 0:00:07]} 90. fxg3+ {[%emt 0:01:22]} Kxg3 {[%emt 0:00:28]} 91. Qe5+ {[%emt 0:01:39]} Kg4 {[%emt 0:00:09]} 92. e4 {[%emt 0:03:32]} Qd1+ {[%emt 0:00:30]} 93. Kf2 {[%emt 0:00:10]} Qd2+ {[%emt 0:00:01]} 94. Kg1 {[%emt 0:00:11]} Qe1+ {[%emt 0:00:04]} 95. Kg2 {[%emt 0:00:07]} Qe2+ {[%emt 0:00:02]} 96. Kg1 {[%emt 0:00:06]} Qe1+ {[%emt 0:00:03]} 97. Kg2 {[%emt 0:00:06]} 1/2-1/2

[Event "EYCC Open-U14 2019"]
[Site "Bratislava"]
[Date "2019.08.09"]
[Round "8.11"]
[White "Kristoferitsch, Daniel"]
[Black "Sokolovsky, Yahli"]
[Result "0-1"]
[WhiteElo "2108"]
[BlackElo "2093"]
[Annotator "NA"]
[PlyCount "126"]
[EventDate "2019.08.02"]
[EventType "swiss"]
[EventCountry "SVK"]
[SourceTitle "playchess.com"]
[Source "ChessBase"]
[SourceQuality "1"]
[TimeControl "40/5400+30:1800+30"]

1. d4 {[%emt 0:00:00]} Nf6 {[%emt 0:00:00]} 2. c4 {[%emt 0:00:00]} g6 {[%emt 0:00:00]} 3. Nc3 {[%emt 0:00:00]} Bg7 {[%emt 0:00:00]} 4. e4 {[%emt 0:00:00]} d6 {[%emt 0:00:00]} 5. Nf3 {[%emt 0:00:00]} O-O {[%emt 0:00:00]} 6. Be2 {[%emt 0:00:05]} e5 {[%emt 0:00:04]} 7. O-O {[%emt 0:00:08]} Nc6 {[%emt 0:00:06]} 8. d5 {[%emt 0:00:06]} Ne7 {[%emt 0:00:08]} 9. b4 {[%emt 0:00:05]} a5 {[%emt 0:00:20]} 10. Ba3 {[%emt 0:00:07]} axb4 {[%emt 0:00:54]} 11. Bxb4 {[%emt 0:00:07]} b6 {[%emt 0:05:42]} 12. a4 {[%emt 0:00:07]} Re8 {[%emt 0:00:36]} 13. Re1 {[%emt 0:16:01]} Bf8 {[%emt 0:01:11]} 14. Bf1 {[%emt 0:03:09]} c5 {[%emt 0:00:32]} 15. Ba3 {[%emt 0:00:58]} Bg7 {[%emt 0:01:35]} 16. Bb2 {[%emt 0:12:02]} Rf8 {[%emt 0:03:21]} 17. Nb5 {[%emt 0:00:12]} Ne8 {[%emt 0:05:57]} 18. Bc3 {[%emt 0:05:18]} h6 {[%emt 0:05:23]} 19. a5 {[%emt 0:07:55]} bxa5 {[%emt 0:03:38]} 20. Qa4 {[%emt 0:00:32]} f5 {[%emt 0:06:56]} 21. Bxa5 {[%emt 0:00:08]} Qd7 {[%emt 0:00:22]} 22. Nc3 {[%emt 0:06:37]} Qxa4 {[%emt 0:16:53]} 23. Rxa4 {[%emt 0:00:15]} Nf6 {[%emt 0:01:18]} 24. Nd2 {[%emt 0:13:15]} Bd7 {[%emt 0:07:04]} 25. Raa1 {[%emt 0:00:25]} Ra7 {[%emt 0:05:33]} 26. Nb5 {[%emt 0:09:49]} Bxb5 {[%emt 0:09:01]} 27. cxb5 {[%emt 0:00:07]} Nxe4 {[%emt 0:02:51]} 28. Nxe4 {[%emt 0:04:45]} fxe4 {[%emt 0:01:33]} 29. b6 {[%emt 0:00:17]} Raa8 {[%emt 0:00:27]} 30. Bb5 {[%emt 0:12:59]} Rfb8 {[%emt 0:02:42]} 31. Reb1 {[%emt 0:03:54]} Rxa5 {[%emt 0:12:28]} 32. Rxa5 {[%emt 0:00:10]} Rxb6 {[%emt 0:00:07]} 33. Ra6 {[%emt 0:00:28]} Rb8 {[%emt 0:05:22]} 34. Rxd6 {[%emt 0:04:45]} c4 {[%emt 0:00:01]} 35. Rc6 {[%emt 0:01:48]} Nxc6 {[%emt 0:01:02]} 36. dxc6 {[%emt 0:00:01]} Kh7 {[%emt 0:01:43]} 37. Kf1 {[%emt 0:01:18]} c3 {[%emt 0:01:08]} 38. c7 {[%emt 0:00:15]} Rc8 {[%emt 0:00:52]} 39. Bc6 {[%emt 0:00:41]} Rxc7 {[%emt 0:00:28]} 40. Bxe4 {[%emt 0:00:00]} h5 {[%emt 0:00:00]} 41. Ke2 {[%emt 0:17:47]} Bh6 {[%emt 0:05:46]} 42. Kd1 {[%emt 0:00:10]} Rc4 {[%emt 0:08:25]} 43. Bd3 {[%emt 0:02:43]} Rd4 {[%emt 0:01:02]} 44. Kc2 {[%emt 0:00:09]} e4 {[%emt 0:00:30]} 45. Bf1 {[%emt 0:00:05]} Bd2 {[%emt 0:02:39]} 46. Bb5 {[%emt 0:02:11]} Rd6 {[%emt 0:01:02]} 47. Rb4 {[%emt 0:02:22]} Rb6 {[%emt 0:00:14]} 48. Rb1 {[%emt 0:00:43]} Rf6 {[%emt 0:00:16]} 49. Rf1 {[%emt 0:01:01]} Kg7 {[%emt 0:01:07]} 50. Bc4 {[%emt 0:02:28]} Rf5 {[%emt 0:01:04]} 51. Ba6 {[%emt 0:01:44]} Kf6 {[%emt 0:02:03]} 52. Bc4 {[%emt 0:01:40]} Ke5 {[%emt 0:00:45]} 53. h3 {[%emt 0:00:23]} Kd4 {[%emt 0:00:48]} 54. Bb3 {[%emt 0:00:54]} h4 {[%emt 0:00:44]} 55. Be6 {[%emt 0:00:33]} Rf6 {[%emt 0:00:25]} 56. Bb3 {[%emt 0:01:16]} Kc5 {[%emt 0:02:07]} 57. Kd1 {[%emt 0:01:10]} Kd4 {[%emt 0:00:28]} 58. Kc2 {[%emt 0:00:50]} Rf8 {[%emt 0:00:54]} 59. Ba2 {[%emt 0:00:18]} Kc5 {[%emt 0:00:45]} 60. Kd1 {[%emt 0:01:15]} Rb8 {[%emt 0:01:34]} 61. Ke2 {[%emt 0:00:39]} Rb2 {[%emt 0:00:23]} 62. Bf7 {[%emt 0:00:38]} Bf4+ {[%emt 0:00:28]} 63. Kd1 {[%emt 0:00:12]} c2+ {[%emt 0:00:20]} 0-1

[Event "EYCC Open-U14 2019"]
[Site "Bratislava"]
[Date "2019.08.09"]
[Round "8.12"]
[White "Talibov, Shiroghlan"]
[Black "Levin, Guy"]
[Result "1/2-1/2"]
[WhiteElo "1882"]
[BlackElo "2005"]
[Annotator "NA"]
[PlyCount "75"]
[EventDate "2019.08.02"]
[EventType "swiss"]
[EventCountry "SVK"]
[SourceTitle "playchess.com"]
[Source "ChessBase"]
[SourceQuality "1"]
[TimeControl "40/5400+30:1800+30"]

1. c4 {[%emt 0:00:00]} e5 {[%emt 0:00:00]} 2. Nc3 {[%emt 0:00:00]} Bb4 {[%emt 0:00:00]} 3. Nf3 {[%emt 0:00:06]} Bxc3 {[%emt 0:02:51]} 4. dxc3 {[%emt 0:01:00]} Nc6 {[%emt 0:00:13]} 5. e4 {[%emt 0:00:53]} d6 {[%emt 0:01:40]} 6. Bd3 {[%emt 0:00:05]} Nge7 {[%emt 0:00:27]} 7. Qc2 {[%emt 0:00:53]} O-O {[%emt 0:00:41]} 8. Nh4 {[%emt 0:04:39]} Be6 {[%emt 0:03:13]} 9. h3 {[%emt 0:01:20]} Ng6 {[%emt 0:02:14]} 10. Nxg6 {[%emt 0:03:26]} fxg6 {[%emt 0:01:05]} 11. Be3 {[%emt 0:02:15]} Qe7 {[%emt 0:00:41]} 12. Qe2 {[%emt 0:03:44]} a5 {[%emt 0:02:20]} 13. a4 {[%emt 0:02:33]} Nd8 {[%emt 0:04:18]} 14. h4 {[%emt 0:02:23]} h6 {[%emt 0:00:42]} 15. g3 {[%emt 0:12:11]} Qd7 {[%emt 0:03:37]} 16. f3 {[%emt 0:04:30]} b6 17. b3 {[%emt 0:04:18]} Nb7 {[%emt 0:03:46]} 18. Bc2 {[%emt 0:01:49]} Nc5 {[%emt 0:01:40]} 19. O-O-O {[%emt 0:01:42]} Rf7 {[%emt 0:00:49]} 20. Qg2 {[%emt 0:02:54]} Raf8 {[%emt 0:00:41]} 21. f4 {[%emt 0:04:29]} Bg4 {[%emt 0:00:27]} 22. Rd5 {[%emt 0:01:12]} Ne6 {[%emt 0:12:42]} 23. h5 {[%emt 0:04:05]} exf4 {[%emt 0:02:57]} 24. hxg6 {[%emt 0:00:54]} fxe3 {[%emt 0:15:48]} 25. gxf7+ {[%emt 0:00:15]} Qxf7 {[%emt 0:00:58]} 26. Bd1 {[%emt 0:02:45]} Qf2 {[%emt 0:09:07]} 27. Qxf2 {[%emt 0:11:17]} exf2 {[%emt 0:00:12]} 28. Bxg4 {[%emt 0:00:19]} f1=Q+ {[%emt 0:00:11]} 29. Rxf1 {[%emt 0:00:05]} Rxf1+ {[%emt 0:00:09]} 30. Kb2 {[%emt 0:05:33]} Nc5 {[%emt 0:07:45]} 31. e5 {[%emt 0:02:32]} dxe5 {[%emt 0:05:18]} 32. b4 {[%emt 0:01:04]} axb4 {[%emt 0:01:06]} 33. cxb4 {[%emt 0:00:06]} Na6 {[%emt 0:00:05]} 34. b5 {[%emt 0:05:31]} Nc5 {[%emt 0:12:44]} 35. a5 {[%emt 0:04:19]} Rf2+ {[%emt 0:00:24]} 36. Kb1 {[%emt 0:02:47]} Rf1+ {[%emt 0:00:32]} 37. Kb2 {[%emt 0:00:42]} Rf2+ {[%emt 0:00:44]} 38. Kb1 1/2-1/2